Loading...
| Science - Chemistry | 0 | 3 | 1 | 0 | 25 | 67 | 98.33 | 0 | 1 | 6.48 | 15.28 |
| Science - Biology | 0 | 2 | 0 | 0 | 20 | 105 | 105.50 | 0 | 1 | 3.53 | 9.72 |
| Other Academic | 0 | 1 | 0 | 1 | 10 | 114 | 114.00 | 0 | 0 | 1.28 | 25.00 |
| Philosophy | 0 | 1 | 0 | 0 | 10 | 118 | 118.00 | 0 | 0 | 0.00 | 1.39 |
| Social Science | 0 | 1 | 0 | 0 | 10 | 127 | 127.00 | 0 | 1 | 0.00 | 4.94 |
| History - World | 0 | 1 | 0 | 1 | 10 | 126 | 126.00 | 0 | 0 | 0.00 | 2.78 |
| Science - Other | 0 | 1 | 0 | 0 | 10 | 77 | 77.00 | 1 | 1 | 3.47 | 9.72 |
| Geography/Current Events | 0 | 1 | 0 | 0 | 10 | 119 | 119.00 | 0 | 0 | 0.65 | 2.50 |
| Mythology | 0 | 0 | 0 | 0 | 0 | 0.00 | 0 | 0 | 0.00 | 0.00 | |
| Science - Physics | 0 | 0 | 1 | 0 | -5 | 0.00 | 0 | 0 | 0.00 | 0.00 |